• 首页
  • 本馆介绍
  • 公告通知
  • 最新文献
  • 馆藏检索
  • 电子资源
  • 读者导购
  • 参考咨询
  • 我的图书馆
  • 登录
  • 详细信息显示
  • 放入我的书架
  • 预约/预借图书
  • 作者相关作品
  • 分类相关作品
  • 丛书相关作品
  • 出版社相关作品

书目信息

  • 表格格式
  • 工作单格式
  • 卡片格式
题名:
解读建筑
    
 
作者: 霍普金斯 著 ;邢真 译
分册:  
出版信息: 北京   北京美术摄影出版社  2014
页数: 167页
开本: 27cm
丛书名:
单 册:
中图分类: TU-0
科图分类:
主题词: 建筑学--研究 , 建筑学
电子资源:
ISBN: 978-7-80501-587-3
000 00854nam0 2200253 450
001 012015000169
005 20151130144342.53
010    @a978-7-80501-587-3@dCNY59.00
100    @a20140727d2014 em y0chiy50 ea
101 1  @achi@ceng
102    @aCN@b110000
105    @aa z 000yy
106    @ar
200 1  @a解读建筑@Ajie du jian zhu@f(英)欧文·霍普金斯著@g邢真译
210    @a北京@c北京美术摄影出版社@d2014
215    @a167页@c图,照片@d27cm
330    @a本书围绕着西方建筑,用多种角度为读者提供视觉向导,讨论的内容涵盖了建筑物的方方面面,从古希腊时期到现代,从墙壁粉刷到屋顶结构,从柱式类型到装饰线脚。
606 0  @a建筑学@x研究
606 0  @a建筑学
690    @aTU-0@v5
701  0 @c(英)@a霍普金斯@Ahuo pu jin si@c(Hopkins, Owen)@4著
702  0 @a邢真@Axing zhen@4译
801  0 @aCN@b碧洲教育@c20151127
905    @a10447@f4@dTU-0@e120
    
    解读建筑/(英)欧文·霍普金斯著/邢真译.-北京:北京美术摄影出版社,2014
    167页:图,照片;27cm
    
    
    ISBN 978-7-80501-587-3:CNY59.00
    本书围绕着西方建筑,用多种角度为读者提供视觉向导,讨论的内容涵盖了建筑物的方方面面,从古希腊时期到现代,从墙壁粉刷到屋顶结构,从柱式类型到装饰线脚。
●
相关链接 在E读中查询图书 在五车中查询图书 在当当中查询图书 在豆瓣中查询图书


正题名:解读建筑     索取号:TU-0/120         预约/预借

序号 登录号 条形码 馆藏地/架位号 状态 备注
1 0871137   208711376   第二样本阅览室/ [索取号:TU-0/120] 在馆    
2 0871138   208711385   第三借阅区/ [索取号:TU-0/120] 在馆    
3 0871139   208711394   第三借阅区/ [索取号:TU-0/120] 在馆    
4 0871140   208711401   第三借阅区/ [索取号:TU-0/120] 在馆    
唐山师范学院图书馆 欢迎您!
大连网信软件有限公司© 版权所有